[Event "Maceio Alagoano op"]
[Site "Maceio"]
[Date "2015.12.06"]
[Round "4"]
[White "Lacerda, Wilker Andre Vieira"]
[Black "Azevedo Junior, Jose Ferreira"]
[Result "0-1"]
[WhiteElo "1800"]
[BlackElo "2113"]
[PlyCount "85"]
[EventDate "2015.12.05"]
[EventType "swiss"]
[EventRounds "7"]
[EventCountry "BRA"]
[SourceTitle "CBM 170 Extra"]
[Source "ChessBase"]
[SourceDate "2016.02.25"]
[SourceVersion "1"]
[SourceVersionDate "2016.02.25"]
[SourceQuality "1"]

1. e4 g6 2. Bc4 Bg7 3. Nf3 d6 4. Nc3 Nf6 5. 0-0 0-0 6. d4 Bg4 7. h3 Bxf3 8. Qxf3 Nbd7 9. Bg5 c5 10. dxc5 Nxc5 11. Qe3 Rc8 12. Rab1 a6 13. a3 Kh8 14. Bd3 Ne6 15. Bh6 Qa5 16. Bxg7+ Kxg7 17. Ne2 Qc5 18. Qg3 Nd4 19. Nxd4 Qxd4 20. c3 Qc5 21. Rfe1 Nd7 22. Kh1 Ne5 23. f4 Nxd3 24. Qxd3 f6 25. Rbd1 Qc4 26. Qf3 Rcd8 27. e5 fxe5 28. Qxb7 Qxf4 29. Qxe7+ Qf7 30. Qxf7+ Kxf7 31. Rf1+ Ke6 32. Kg1 d5 33. Rd2 g5 34. Rf3 Rf4 35. Kf2 e4 36. Re2 Kf5 37. Rxf4+ gxf4 38. Ke1 Rg8 39. b4 e3 40. Kd1 Ke4 41. Kc2 a5 42. b5 a4 43. Re1 0-1